000 009960am a2200253 004500
003 EG-GiCUC
008 081009s1986 iq g 000 0 ara d
040 _aEG-GiCUC
_bara
_cEG-GiCUC
092 0 4 _a577.6
_bS125
_221
099 _a04
_a577.6 S125
100 1 _aالسعدى : حسين على
245 1 0 _aعلم البيئة المائية /
_cتأليف حسين على السعدى : نجم قمر الدهام : ليث عبد الجليل الحصان
260 _aالعراق :
_bجامعة البصرة :
_c1986
300 _a538ص :
_bايض ؛
_c24سم
504 _aيشتمل على ارجاعات ببليوجرافية وكشافات
650 7 _aبيئة المياه
_2qrmak
700 1 _aالحصان : ليث عبد الجليل
700 1 _aالدهام : نجم قمر
902 _a1
905 _aابراهيم
_eمدخل
905 _aجيهان
_eمراجع
942 _2ddc
_cBK
999 _c102627
_d102627